[Event "106th British-ch 2019"]
[Site "Torquay"]
[Date "2019.07.29"]
[Round "3.18"]
[White "Modi, Shyam Jagdish"]
[Black "Zapolskis, Antanas"]
[Result "0-1"]
[WhiteElo "2098"]
[BlackElo "2290"]
[Annotator "NA"]
[PlyCount "58"]
[EventDate "2019.07.27"]
[EventType "swiss"]
[EventCountry "GBR"]
[SourceTitle "playchess.com"]
[Source "ChessBase"]
[SourceQuality "1"]
[TimeControl "40/5400+30:1800+30"]

1. d4 {[%emt 0:00:00]} b5 {[%emt 0:00:00]} 2. e4 {[%emt 0:00:02]} a6 {[%emt 0:00:00]} 3. Bd3 {[%emt 0:01:12]} e6 {[%emt 0:00:00]} 4. Nf3 {[%emt 0:00:43]} c5 {[%emt 0:00:25]} 5. c3 {[%emt 0:00:48]} d6 {[%emt 0:00:55]} 6. O-O {[%emt 0:01:01]} Nf6 {[%emt 0:04:21]} 7. Re1 {[%emt 0:06:41]} Be7 {[%emt 0:00:16]} 8. Nbd2 {[%emt 0:02:34]} O-O {[%emt 0:00:52]} 9. a4 {[%emt 0:04:06]} b4 {[%emt 0:01:43]} 10. Qe2 {[%emt 0:08:41]} bxc3 {[%emt 0:07:32]} 11. bxc3 {[%emt 0:00:17]} cxd4 {[%emt 0:00:08]} 12. cxd4 {[%emt 0:01:24]} Nc6 {[%emt 0:00:33]} 13. Ba3 {[%emt 0:12:05]} a5 {[%emt 0:04:37]} 14. e5 {[%emt 0:17:13]} dxe5 {[%emt 0:00:20]} 15. Bxe7 {[%emt 0:01:26]} Qxe7 {[%emt 0:00:19]} 16. dxe5 {[%emt 0:00:22]} Nd5 {[%emt 0:00:10]} 17. Qe4 {[%emt 0:01:25]} g6 {[%emt 0:00:11]} 18. Bb5 {[%emt 0:08:25]} Ncb4 {[%emt 0:01:56]} 19. Nc4 {[%emt 0:02:06]} Bb7 {[%emt 0:04:06]} 20. Nd6 {[%emt 0:01:13]} Rab8 {[%emt 0:00:10]} 21. Nxb7 {[%emt 0:01:29]} Rxb7 {[%emt 0:00:09]} 22. Rec1 {[%emt 0:02:23]} Rc7 {[%emt 0:00:10]} 23. Rxc7 {[%emt 0:06:28]} Qxc7 {[%emt 0:00:40]} 24. Nd4 {[%emt 0:08:00]} Nc3 {[%emt 0:08:21]} 25. Qe3 {[%emt 0:01:23]} Nbd5 {[%emt 0:00:43]} 26. Qe1 {[%emt 0:00:52]} Qc5 {[%emt 0:00:49]} 27. Qd2 {[%emt 0:01:48]} Ne4 {[%emt 0:05:12]} 28. Qd3 {[%emt 0:03:46]} Ndc3 {[%emt 0:00:31]} 29. Re1 {[%emt 0:02:06]} Rd8 {[%emt 0:00:14]} 0-1

[Event "106th British-ch 2019"]
[Site "Torquay"]
[Date "2019.07.29"]
[Round "3.19"]
[White "Brewer, Callum D"]
[Black "Crickmore, Neil Eg"]
[Result "1/2-1/2"]
[WhiteElo "2086"]
[BlackElo "2187"]
[Annotator "NA"]
[PlyCount "57"]
[EventDate "2019.07.27"]
[EventType "swiss"]
[EventCountry "GBR"]
[SourceTitle "playchess.com"]
[Source "ChessBase"]
[SourceQuality "1"]
[TimeControl "40/5400+30:1800+30"]

1. e4 {[%emt 0:00:07]} c5 {[%emt 0:01:17]} 2. c3 {[%emt 0:00:58]} g6 {[%emt 0:00:05]} 3. d4 {[%emt 0:00:12]} cxd4 {[%emt 0:00:04]} 4. cxd4 {[%emt 0:00:02]} d5 {[%emt 0:00:06]} 5. e5 {[%emt 0:02:16]} Bg7 {[%emt 0:02:20]} 6. Nc3 {[%emt 0:02:23]} Nc6 {[%emt 0:00:10]} 7. h3 {[%emt 0:11:58]} f6 {[%emt 0:10:01]} 8. exf6 {[%emt 0:10:45]} exf6 {[%emt 0:00:33]} 9. Nf3 {[%emt 0:01:10]} Nge7 10. Be2 {[%emt 0:05:43]} O-O {[%emt 0:00:55]} 11. Bf4 {[%emt 0:01:59]} a6 {[%emt 0:11:53]} 12. O-O {[%emt 0:02:53]} b5 {[%emt 0:03:35]} 13. Qd2 {[%emt 0:03:08]} Be6 {[%emt 0:08:33]} 14. Rac1 {[%emt 0:02:17]} Na5 {[%emt 0:08:06]} 15. Bc7 {[%emt 0:15:07]} Qxc7 {[%emt 0:00:12]} 16. Nxd5 {[%emt 0:00:09]} Qd6 {[%emt 0:06:24]} 17. Nxe7+ Qxe7 {[%emt 0:00:20]} 18. Qxa5 {[%emt 0:14:09]} Bh6 19. Rcd1 {[%emt 0:02:28]} Bd5 {[%emt 0:02:02]} 20. Rfe1 {[%emt 0:00:53]} Qb7 {[%emt 0:01:08]} 21. Qa3 Rac8 {[%emt 0:13:55]} 22. Bf1 Rc7 {[%emt 0:08:24]} 23. Nd2 Rfc8 {[%emt 0:11:08]} 24. Qd6 Kf7 {[%emt 0:09:42]} 25. Nb3 Bf8 {[%emt 0:01:51]} 26. Qg3 Rc2 27. Rb1 Qb6 28. Bd3 R2c7 29. Qh4 1/2-1/2

[Event "106th British-ch 2019"]
[Site "Torquay"]
[Date "2019.07.29"]
[Round "3.20"]
[White "Starley, Robert"]
[Black "Fernandez, Daniel Howard"]
[Result "0-1"]
[WhiteElo "2058"]
[BlackElo "2466"]
[Annotator "ChessBase"]
[PlyCount "138"]
[EventDate "2019.07.27"]
[EventType "swiss"]
[EventCountry "GBR"]
[SourceTitle "playchess.com"]
[Source "ChessBase"]
[SourceQuality "1"]
[TimeControl "40/5400+30:1800+30"]

1. e4 {[%emt 0:00:00]} c5 {[%emt 0:12:35]} 2. Nf3 {[%emt 0:00:00]} d6 {[%emt 0:00:05]} 3. d4 {[%emt 0:00:00]} Nf6 {[%emt 0:00:06]} 4. Nc3 {[%emt 0:00:00]} cxd4 {[%emt 0:00:03]} 5. Nxd4 {[%emt 0:00:07]} a6 {[%emt 0:01:49]} 6. Bg5 {[%emt 0:00:20]} e6 {[%emt 0:01:29]} 7. f4 {[%emt 0:00:58]} h6 {[%emt 0:00:03]} 8. Bh4 {[%emt 0:01:09]} Qb6 {[%emt 0:00:13]} 9. Qd2 {[%emt 0:06:43]} Qxb2 {[%emt 0:00:16]} 10. Rb1 {[%emt 0:00:24]} Qa3 {[%emt 0:00:07]} 11. Bc4 {[%emt 0:03:20]} Qc5 {[%emt 0:05:29]} 12. Be2 {[%emt 0:01:47]} Be7 {[%emt 0:01:30]} 13. Bf2 {[%emt 0:01:23]} Qc7 {[%emt 0:00:09]} 14. O-O {[%emt 0:01:24]} Nbd7 {[%emt 0:00:08]} 15. Bf3 {[%emt 0:04:11]} g5 {[%emt 0:02:47]} 16. f5 {[%emt 0:06:49]} Ne5 {[%emt 0:00:29]} 17. Be2 {[%emt 0:00:47]} Bd7 {[%emt 0:03:44]} 18. Kh1 {[%emt 0:02:54]} Rc8 {[%emt 0:00:18]} 19. fxe6 {[%emt 0:02:04]} fxe6 {[%emt 0:00:11]} 20. Rb3 {[%emt 0:01:02]} b5 {[%emt 0:00:19]} 21. Bg3 {[%emt 0:10:40]} O-O {[%emt 0:03:49]} 22. a3 {[%emt 0:08:30]} Rf7 {[%emt 0:02:47]} 23. Bxe5 {[%emt 0:04:15]} dxe5 {[%emt 0:00:02]} 24. Nf3 {[%emt 0:00:12]} Rcf8 {[%emt 0:00:29]} 25. h3 {[%emt 0:02:52]} Bc6 {[%emt 0:00:29]} 26. Bd3 {[%emt 0:01:40]} Bc5 {[%emt 0:00:43]} 27. Qe1 {[%emt 0:03:29]} g4 {[%emt 0:03:11]} 28. hxg4 {[%emt 0:02:44]} Nxg4 {[%emt 0:00:19]} 29. Nd1 {[%emt 0:01:33]} Rg7 {[%emt 0:04:40]} 30. c4 {[%emt 0:02:47]} Qf7 {[%emt 0:00:38]} 31. cxb5 {[%emt 0:05:42]} Bxb5 {[%emt 0:04:17]} 32. Bxb5 {[%emt 0:01:18]} axb5 {[%emt 0:00:23]} 33. Nh2 {[%emt 0:03:02]} Qg6 {[%emt 0:00:19]} 34. Rxf8+ Bxf8 {[%emt 0:00:02]} 35. Qe2 {[%emt 0:07:16]} Nf6 {[%emt 0:00:02]} 36. Rh3 {[%emt 0:02:23]} Qxe4 {[%emt 0:02:40]} 37. Re3 {[%emt 0:03:01]} Qb1 {[%emt 0:00:02]} 38. Nf1 {[%emt 0:02:34]} Rg5 {[%emt 0:00:11]} 39. Rxe5 {[%emt 0:03:36]} Rxe5 {[%emt 0:08:00]} 40. Qxe5 {[%emt 0:00:11]} Qxd1 {[%emt 0:00:08]} 41. Qxf6 {[%emt 0:30:17]} Qh5+ {[%emt 0:30:13]} 42. Nh2 {[%emt 0:00:14]} Qf5 {[%emt 0:01:11]} 43. Qb2 {[%emt 0:01:22]} Bd6 {[%emt 0:00:37]} 44. Qc1 {[%emt 0:05:31]} Kf7 {[%emt 0:01:17]} 45. Qb2 {[%emt 0:00:00]} Ke8 {[%emt 0:00:00]} 46. Qh8+ {[%emt 0:00:00]} Kd7 {[%emt 0:00:00]} 47. Qg7+ {[%emt 0:00:00]} Kc6 {[%emt 0:00:00]} 48. Qc3+ {[%emt 0:00:00]} Kb7 {[%emt 0:00:00]} 49. Qb3 {[%emt 0:00:00]} Qd5 {[%emt 0:00:00]} 50. Qxd5+ {[%emt 0:00:00]} exd5 {[%emt 0:00:00]} 51. Nf3 {[%emt 0:00:00]} Bxa3 {[%emt 0:00:00]} 52. Kg1 {[%emt 0:00:00]} b4 {[%emt 0:00:00]} 53. Kf2 {[%emt 0:00:00]} b3 {[%emt 0:00:00]} 54. Nd2 {[%emt 0:00:05]} b2 {[%emt 0:00:00]} 55. Ke3 {[%emt 0:00:14]} Be7 {[%emt 0:00:00]} 56. Kd3 {[%emt 0:01:44]} Bg5 {[%emt 0:00:00]} 57. Nb1 {[%emt 0:00:14]} h5 {[%emt 0:00:00]} 58. Kc2 {[%emt 0:00:16]} Bf6 {[%emt 0:00:00]} 59. Nd2 {[%emt 0:00:22]} h4 {[%emt 0:00:00]} 60. Kb1 {[%emt 0:01:48]} Kc6 {[%emt 0:00:00]} 61. Kc2 {[%emt 0:00:24]} Kd6 {[%emt 0:00:00]} 62. Kd3 {[%emt 0:01:17]} Ke5 {[%emt 0:00:00]} 63. Kc2 {[%emt 0:00:15]} Kf4 {[%emt 0:00:00]} 64. Nf1 {[%emt 0:00:09]} Bc3 {[%emt 0:00:00]} 65. Kb1 {[%emt 0:01:15]} d4 {[%emt 0:00:00]} 66. Kc2 {[%emt 0:00:41]} d3+ {[%emt 0:00:00]} 67. Kb1 {[%emt 0:00:27]} d2 {[%emt 0:00:00]} 68. Nxd2 {[%emt 0:00:24]} Bxd2 {[%emt 0:00:00]} 69. Kxb2 {[%emt 0:00:09]} Kg3 {[%emt 0:00:00]} 0-1

[Event "106th British-ch 2019"]
[Site "Torquay"]
[Date "2019.07.29"]
[Round "3.21"]
[White "Taylor, Adam C"]
[Black "Yoon, Jacob D"]
[Result "1-0"]
[WhiteElo "2402"]
[BlackElo "1963"]
[Annotator "TA"]
[PlyCount "101"]
[EventDate "2019.07.27"]
[EventType "swiss"]
[EventCountry "GBR"]
[SourceTitle "playchess.com"]
[Source "ChessBase"]
[SourceQuality "1"]

{[%evp 10,101,34,4,4,6,4,-13,-5,-6,10,-12,0,0,0,0,0,0,6,-2,-4,-16,-17,-15,-7,-12,-2,-47,12,8,27,25,65,62,66,0,0,0,0,0,0,0,0,0,32,23,102,102,102,99,103,95,223,216,232,217,291,302,488,321,420,420,586,586,5768,6536,5450,6195,5620,5050,5631,5206,1396,895,29972,29973,29971,6188,29975,29972,29978,29979,29981,29980,29979,29980,29985,29986,29986,29987,29987,29987,29991,29990]} 1. Nf3 d5 2. g3 c6 3. Bg2 Bg4 4. c4 Nd7 5. cxd5 cxd5 6. Qa4 Ngf6 {A11: English Opening: 1...c6} 7. O-O e6 8. d3 Bd6 {The position is equal.} 9. Bf4 $146 ({Predecessor:} 9. Nc3 O-O 10. Bg5 h6 11. Qxg4 Nxg4 12. Bxd8 Rfxd8 13. Rfc1 Bc5 14. d4 Bb6 {1-0 (86) Laznicka,V (2674)-Jirovsky,M (2453) Prague 2012}) 9... Qe7 10. Nc3 a6 11. Ne5 Bxe5 12. Bxe5 O-O 13. Bxf6 Nxf6 14. e4 {[#] Hoping for e5.} b5 15. Qd4 {e5 is the strong threat.} e5 16. Nxd5 Nxd5 17. Qxd5 Rad8 18. Qc6 Qa7 (18... Rd6 $15 19. Qc5 Rc8) 19. Qc3 $11 Rd4 20. Rfc1 Qd7 21. Bf1 $1 f5 22. Qc7 (22. exf5 $14 Bf3 23. Rc2) 22... fxe4 23. Qxd7 Rxd7 24. h3 Bf3 25. dxe4 Rd2 26. Rc5 Re8 27. a4 Rxb2 (27... bxa4 $1 $11 28. Bxa6 Rxb2) 28. axb5 $16 axb5 29. Bxb5 Rb8 30. Bd3 Rd2 (30... R2b4 $16) 31. Bc4+ $18 Kh8 32. Rxe5 h5 33. Rf5 Bxe4 $2 {[#]} (33... Rd1+ {was called for.} 34. Rxd1 Bxd1) 34. Rxh5+ Bh7 35. Ra7 Rd6 36. Bd5 Rh6 37. Rxh6 gxh6 38. Ra8 Rxa8 39. Bxa8 {[%mdl 4096] Endgame KB-KB} Kg7 40. Kg2 Kf6 41. Kf3 Kg5 42. h4+ Kf6 43. g4 (43. Be4 $142 Bg8 44. g4 Be6 45. Kf4 Bc4 46. g5+ Ke6 47. Bf5+ Ke7 48. Ke5 hxg5 49. hxg5) 43... Bc2 44. Be4 {White mates.} Bb3 45. Kf4 Bd1 46. g5+ hxg5+ 47. hxg5+ Kg7 48. Ke5 Bg4 49. f4 Kf8 50. Kf6 Bc8 51. Bd5 {Accuracy: White = 78%, Black = 25%.} 1-0

[Event "106th British-ch 2019"]
[Site "Torquay"]
[Date "2019.07.29"]
[Round "3.22"]
[White "Villiers, Thomas"]
[Black "Hand, Freddie"]
[Result "0-1"]
[WhiteElo "2218"]
[BlackElo "2142"]
[Annotator "NA"]
[PlyCount "86"]
[EventDate "2019.07.27"]
[EventType "swiss"]
[EventCountry "GBR"]
[SourceTitle "playchess.com"]
[Source "ChessBase"]
[SourceQuality "1"]
[TimeControl "40/5400+30:1800+30"]

1. e4 {[%emt 0:00:00]} e5 {[%emt 0:00:00]} 2. Nc3 {[%emt 0:00:12]} Nf6 {[%emt 0:00:00]} 3. Bc4 {[%emt 0:00:15]} Nc6 {[%emt 0:01:48]} 4. d3 {[%emt 0:03:29]} Na5 {[%emt 0:00:05]} 5. f4 {[%emt 0:01:00]} Nxc4 {[%emt 0:19:59]} 6. dxc4 {[%emt 0:00:15]} Bb4 {[%emt 0:00:57]} 7. Qd3 {[%emt 0:01:13]} d6 {[%emt 0:08:47]} 8. Nge2 {[%emt 0:02:22]} O-O {[%emt 0:29:05]} 9. f5 {[%emt 0:01:38]} Nd7 {[%emt 0:23:52]} 10. Qg3 {[%emt 0:02:57]} f6 {[%emt 0:00:51]} 11. Be3 {[%emt 0:00:44]} Nb6 {[%emt 0:02:07]} 12. b3 {[%emt 0:00:30]} Bc5 {[%emt 0:02:07]} 13. Bxc5 {[%emt 0:03:39]} dxc5 {[%emt 0:00:05]} 14. Rd1 {[%emt 0:00:10]} Qe7 {[%emt 0:00:18]} 15. Qe3 {[%emt 0:03:01]} Bd7 {[%emt 0:00:37]} 16. O-O {[%emt 0:02:48]} Bc6 {[%emt 0:00:06]} 17. Rd3 {[%emt 0:00:23]} Rfd8 {[%emt 0:02:39]} 18. Rfd1 {[%emt 0:00:16]} Rxd3 {[%emt 0:01:27]} 19. Rxd3 {[%emt 0:00:25]} Nc8 {[%emt 0:00:28]} 20. Nd5 {[%emt 0:00:48]} Bxd5 {[%emt 0:00:29]} 21. Rxd5 {[%emt 0:00:11]} b6 {[%emt 0:00:03]} 22. Qd2 {[%emt 0:03:03]} Nd6 {[%emt 0:00:07]} 23. Rxc5 {[%emt 0:01:37]} Rc8 {[%emt 0:01:31]} 24. Rc6 {[%emt 0:01:22]} Rd8 {[%emt 0:00:51]} 25. Qd5+ {[%emt 0:00:32]} Nf7 {[%emt 0:00:44]} 26. Qe6 {[%emt 0:00:16]} Qb4 {[%emt 0:01:56]} 27. c3 {[%emt 0:00:28]} Qa3 {[%emt 0:00:03]} 28. Rxc7 {[%emt 0:00:41]} Rf8 {[%emt 0:00:06]} 29. Kf2 {[%emt 0:00:53]} Qxa2 {[%emt 0:00:16]} 30. Rc8 {[%emt 0:00:39]} Qxb3 {[%emt 0:00:19]} 31. Kf3 {[%emt 0:02:03]} a5 {[%emt 0:01:07]} 32. h4 {[%emt 0:00:49]} a4 {[%emt 0:00:13]} 33. g4 {[%emt 0:00:53]} Qd1 {[%emt 0:01:11]} 34. g5 {[%emt 0:02:34]} fxg5 {[%emt 0:00:21]} 35. hxg5 {[%emt 0:00:13]} Rxc8 {[%emt 0:00:02]} 36. Qxc8+ {[%emt 0:00:14]} Qd8 {[%emt 0:00:01]} 37. Qe6 {[%emt 0:00:30]} Kf8 {[%emt 0:00:30]} 38. Kf2 {[%emt 0:00:16]} a3 {[%emt 0:01:11]} 39. c5 {[%emt 0:00:16]} Nxg5 {[%emt 0:00:31]} 40. Qc4 {[%emt 0:01:35]} b5 {[%emt 0:01:44]} 41. Qxb5 {[%emt 0:31:06]} a2 {[%emt 0:30:29]} 42. Qa6 {[%emt 0:00:57]} Nxe4+ {[%emt 0:00:00]} 43. Kf3 {[%emt 0:00:00]} a1=Q {[%emt 0:00:00]} 0-1

[Event "106th British-ch 2019"]
[Site "Torquay"]
[Date "2019.07.29"]
[Round "3.23"]
[White "Ogunshola, Olugbemiga (Ben)"]
[Black "Moore, Graham J"]
[Result "1/2-1/2"]
[WhiteElo "2172"]
[BlackElo "2264"]
[Annotator "ChessBase"]
[PlyCount "185"]
[EventDate "2019.07.27"]
[EventType "swiss"]
[EventCountry "GBR"]
[SourceTitle "playchess.com"]
[Source "ChessBase"]
[SourceQuality "1"]
[TimeControl "40/5400+30:1800+30"]

1. c4 {[%emt 0:00:00]} e5 {[%emt 0:00:00]} 2. Nc3 {[%emt 0:00:30]} Nf6 {[%emt 0:00:00]} 3. Nf3 {[%emt 0:00:09]} Nc6 {[%emt 0:00:20]} 4. g3 {[%emt 0:00:49]} Bb4 {[%emt 0:00:05]} 5. Bg2 {[%emt 0:00:46]} Bxc3 {[%emt 0:00:09]} 6. bxc3 {[%emt 0:00:39]} Qe7 {[%emt 0:02:29]} 7. O-O {[%emt 0:02:17]} O-O {[%emt 0:00:07]} 8. d3 {[%emt 0:01:56]} h6 {[%emt 0:00:21]} 9. Rb1 {[%emt 0:02:55]} d6 {[%emt 0:04:28]} 10. Ne1 {[%emt 0:09:56]} e4 {[%emt 0:03:19]} 11. Nc2 {[%emt 0:05:07]} Ne5 {[%emt 0:22:40]} 12. Ne3 {[%emt 0:00:30]} exd3 {[%emt 0:00:30]} 13. exd3 {[%emt 0:00:30]} c6 {[%emt 0:00:30]} 14. h3 {[%emt 0:00:30]} Ng6 {[%emt 0:00:30]} 15. Re1 {[%emt 0:00:30]} Qc7 {[%emt 0:00:30]} 16. Qa4 {[%emt 0:00:30]} Bd7 {[%emt 0:00:30]} 17. Ba3 {[%emt 0:00:30]} b6 {[%emt 0:00:30]} 18. Qb4 {[%emt 0:00:30]} c5 {[%emt 0:00:30]} 19. Qb3 {[%emt 0:00:30]} Bc6 {[%emt 0:00:30]} 20. Nd5 {[%emt 0:00:30]} Bxd5 {[%emt 0:00:30]} 21. cxd5 {[%emt 0:00:30]} Rfe8 {[%emt 0:00:30]} 22. Qb5 {[%emt 0:00:30]} Ne7 {[%emt 0:00:30]} 23. Kh2 {[%emt 0:00:30]} Nd7 {[%emt 0:00:30]} 24. Qa6 {[%emt 0:00:30]} Kf8 {[%emt 0:00:30]} 25. Bc1 {[%emt 0:00:30]} Ng6 {[%emt 0:00:30]} 26. Be3 {[%emt 0:00:30]} Re7 {[%emt 0:00:30]} 27. Qa4 {[%emt 0:00:30]} Rc8 {[%emt 0:00:30]} 28. Re2 {[%emt 0:00:30]} Nf6 {[%emt 0:00:30]} 29. Rbe1 {[%emt 0:00:30]} Rce8 {[%emt 0:00:30]} 30. f4 {[%emt 0:00:30]} Qd7 {[%emt 0:00:30]} 31. Qxd7 {[%emt 0:00:30]} Nxd7 {[%emt 0:00:30]} 32. Bf3 {[%emt 0:00:30]} Nf6 {[%emt 0:00:30]} 33. Kg2 {[%emt 0:00:30]} Rb7 {[%emt 0:00:30]} 34. a4 {[%emt 0:00:30]} Ne7 {[%emt 0:00:30]} 35. Bf2 {[%emt 0:00:30]} Rbb8 {[%emt 0:00:30]} 36. c4 {[%emt 0:00:30]} Nf5 {[%emt 0:00:30]} 37. g4 {[%emt 0:00:30]} Nd4 {[%emt 0:00:30]} 38. Bxd4 {[%emt 0:00:30]} cxd4 {[%emt 0:00:30]} 39. h4 {[%emt 0:00:30]} Nd7 {[%emt 0:00:30]} 40. Be4 {[%emt 0:00:30]} Nc5 {[%emt 0:00:30]} 41. Ra1 {[%emt 0:30:30]} Re7 {[%emt 0:30:30]} 42. Kf3 {[%emt 0:00:30]} Rbe8 {[%emt 0:00:30]} 43. h5 {[%emt 0:00:30]} Nxd3 {[%emt 0:00:30]} 44. Bxd3 {[%emt 0:00:30]} Re3+ {[%emt 0:00:30]} 45. Rxe3 {[%emt 0:00:30]} Rxe3+ {[%emt 0:00:30]} 46. Kf2 {[%emt 0:00:30]} Rxd3 {[%emt 0:00:30]} 47. a5 {[%emt 0:00:30]} Rc3 {[%emt 0:00:30]} 48. axb6 {[%emt 0:00:30]} axb6 {[%emt 0:00:30]} 49. Ra8+ {[%emt 0:00:30]} Ke7 {[%emt 0:00:30]} 50. Ra7+ {[%emt 0:00:30]} Kf6 {[%emt 0:00:30]} 51. Rd7 {[%emt 0:00:30]} Rxc4 {[%emt 0:00:30]} 52. Rxd6+ {[%emt 0:00:30]} Ke7 {[%emt 0:00:30]} 53. Rxb6 {[%emt 0:00:30]} d3 {[%emt 0:52:08]} 54. Rb7+ {[%emt 1:04:37]} Kd6 {[%emt 0:02:26]} 55. Rxf7 {[%emt 0:00:56]} Re4 {[%emt 0:00:05]} 56. Ra7 {[%emt 0:01:26]} d2 {[%emt 0:02:48]} 57. Ra1 {[%emt 0:00:20]} Rxf4+ {[%emt 0:04:48]} 58. Ke3 {[%emt 0:00:33]} Rxg4 {[%emt 0:00:07]} 59. Kxd2 {[%emt 0:00:24]} Rg5 {[%emt 0:02:09]} 60. Ke3 {[%emt 0:00:00]} Kxd5 {[%emt 0:00:30]} 61. Kf4 {[%emt 0:00:00]} Ke6 {[%emt 0:00:30]} 62. Re1+ {[%emt 0:00:00]} Kf6 {[%emt 0:00:30]} 63. Rh1 {[%emt 0:00:00]} Ra5 {[%emt 0:00:30]} 64. Kg4 {[%emt 0:00:00]} Ra4+ {[%emt 0:00:30]} 65. Kh3 {[%emt 0:00:00]} Kf5 {[%emt 0:00:30]} 66. Rg1 {[%emt 0:00:00]} Ra3+ {[%emt 0:00:30]} 67. Kh4 {[%emt 0:00:00]} Ra4+ {[%emt 0:00:30]} 68. Kh3 {[%emt 0:00:00]} Ra7 {[%emt 0:00:30]} 69. Kh4 {[%emt 0:00:00]} Kf4 {[%emt 0:00:00]} 70. Rf1+ {[%emt 0:00:00]} Ke3 {[%emt 0:00:00]} 71. Rg1 {[%emt 0:00:00]} Kf2 {[%emt 0:00:00]} 72. Rb1 {[%emt 0:00:00]} Re7 {[%emt 0:00:00]} 73. Ra1 {[%emt 0:00:00]} Kf3 {[%emt 0:00:00]} 74. Rg1 {[%emt 0:00:00]} Rd7 {[%emt 0:00:00]} 75. Ra1 {[%emt 0:00:00]} Rd4+ {[%emt 0:00:00]} 76. Kh3 {[%emt 0:00:00]} Rd5 {[%emt 0:00:00]} 77. Kh4 {[%emt 0:00:00]} Re5 {[%emt 0:00:00]} 78. Rg1 {[%emt 0:00:00]} Re7 {[%emt 0:00:00]} 79. Ra1 {[%emt 0:00:00]} Re2 {[%emt 0:00:00]} 80. Kh3 {[%emt 0:00:00]} Re5 {[%emt 0:00:00]} 81. Kh4 {[%emt 0:00:12]} Kf2 {[%emt 0:00:00]} 82. Ra2+ {[%emt 0:00:30]} Kg1 {[%emt 0:00:00]} 83. Ra1+ {[%emt 0:00:30]} Kg2 {[%emt 0:00:00]} 84. Ra2+ {[%emt 0:00:30]} Kf3 {[%emt 0:00:00]} 85. Ra1 {[%emt 0:01:40]} Rg5 {[%emt 0:00:17]} 86. Ra3+ {[%emt 0:00:30]} Kf4 {[%emt 0:00:30]} 87. Ra4+ {[%emt 0:00:30]} Kf5 {[%emt 0:00:30]} 88. Ra5+ {[%emt 0:00:30]} Kf6 {[%emt 0:00:30]} 89. Ra6+ {[%emt 0:00:30]} Kf7 {[%emt 0:03:06]} 90. Ra7+ {[%emt 0:00:00]} Kg8 {[%emt 0:00:14]} 91. Ra8+ {[%emt 0:00:00]} Kh7 {[%emt 0:00:04]} 92. Rb8 {[%emt 0:00:00]} Rf5 {[%emt 0:00:29]} 93. Ra8 {[%emt 0:00:00]} 1/2-1/2

[Event "106th British-ch 2019"]
[Site "Torquay"]
[Date "2019.07.29"]
[Round "3.24"]
[White "Donaldson, Thomas"]
[Black "Wall, Tim P"]
[Result "1/2-1/2"]
[WhiteElo "2065"]
[BlackElo "2246"]
[Annotator "ChessBase"]
[PlyCount "123"]
[EventDate "2019.07.27"]
[EventType "swiss"]
[EventCountry "GBR"]
[SourceTitle "playchess.com"]
[Source "ChessBase"]
[SourceQuality "1"]
[TimeControl "40/5400+30:1800+30"]

1. d4 {[%emt 0:00:00]} Nf6 {[%emt 0:00:49]} 2. c4 {[%emt 0:00:00]} e6 {[%emt 0:00:53]} 3. Nc3 {[%emt 0:00:00]} d5 {[%emt 0:01:14]} 4. Bg5 {[%emt 0:00:06]} Be7 {[%emt 0:02:40]} 5. e3 {[%emt 0:00:10]} h6 {[%emt 0:00:33]} 6. Bh4 {[%emt 0:00:08]} O-O {[%emt 0:00:15]} 7. Nf3 {[%emt 0:00:09]} Ne4 {[%emt 0:00:48]} 8. Bxe7 {[%emt 0:00:23]} Qxe7 {[%emt 0:00:08]} 9. Rc1 {[%emt 0:01:38]} c6 {[%emt 0:00:34]} 10. Bd3 {[%emt 0:00:17]} Nxc3 {[%emt 0:01:10]} 11. Rxc3 {[%emt 0:00:14]} Nd7 {[%emt 0:00:06]} 12. O-O {[%emt 0:02:19]} dxc4 {[%emt 0:01:06]} 13. Bxc4 {[%emt 0:00:12]} b6 {[%emt 0:00:06]} 14. Qe2 {[%emt 0:04:48]} Bb7 {[%emt 0:08:50]} 15. Ba6 {[%emt 0:03:36]} Bxa6 {[%emt 0:08:30]} 16. Qxa6 {[%emt 0:00:10]} c5 {[%emt 0:01:02]} 17. Rfc1 {[%emt 0:01:29]} Rfd8 18. Qb7 {[%emt 0:00:30]} Qd6 19. Qe4 {[%emt 0:00:30]} Nf6 20. Qc2 {[%emt 0:00:30]} cxd4 {[%emt 0:12:26]} 21. Nxd4 {[%emt 0:35:13]} Nd5 {[%emt 0:13:36]} 22. Rc6 {[%emt 0:00:46]} Qe5 {[%emt 0:02:01]} 23. Nf3 {[%emt 0:03:09]} Qf6 {[%emt 0:05:04]} 24. a3 {[%emt 0:00:28]} Rd7 {[%emt 0:02:52]} 25. Nd4 {[%emt 0:10:47]} Rad8 {[%emt 0:02:21]} 26. h3 {[%emt 0:02:01]} Qg5 {[%emt 0:08:00]} 27. Qe4 {[%emt 0:05:15]} Nf6 {[%emt 0:05:27]} 28. Qc2 {[%emt 0:02:31]} Qh5 {[%emt 0:04:33]} 29. Rc8 {[%emt 0:07:02]} Qd5 {[%emt 0:03:32]} 30. Qa4 {[%emt 0:06:40]} Rxc8 {[%emt 0:03:33]} 31. Rxc8+ {[%emt 0:00:09]} Kh7 {[%emt 0:00:06]} 32. Qc2+ {[%emt 0:06:12]} Qe4 {[%emt 0:02:14]} 33. f3 {[%emt 0:00:22]} Qxc2 {[%emt 0:01:02]} 34. Rxc2 {[%emt 0:00:07]} Nd5 {[%emt 0:02:38]} 35. Kf2 {[%emt 0:00:18]} e5 {[%emt 0:02:14]} 36. Ne2 {[%emt 0:01:22]} Nc7 {[%emt 0:01:26]} 37. g4 {[%emt 0:02:24]} Ne6 {[%emt 0:00:26]} 38. Ng3 {[%emt 0:00:33]} g6 {[%emt 0:01:55]} 39. Ne4 {[%emt 0:00:44]} Kg7 {[%emt 0:00:18]} 40. Ke2 {[%emt 0:01:04]} f5 {[%emt 0:03:56]} 41. Rd2 {[%emt 0:32:35]} Rxd2+ {[%emt 0:07:31]} 42. Nxd2 {[%emt 0:00:00]} b5 {[%emt 0:07:29]} 43. b4 {[%emt 0:00:00]} Kf6 {[%emt 0:01:13]} 44. h4 {[%emt 0:00:00]} Ke7 {[%emt 0:04:57]} 45. Kd3 {[%emt 0:00:00]} h5 {[%emt 0:02:32]} 46. g5 {[%emt 0:00:00]} Kd6 {[%emt 0:00:58]} 47. Nb3 {[%emt 0:00:00]} Kd5 {[%emt 0:01:51]} 48. Nd2 {[%emt 0:00:00]} a6 {[%emt 0:03:29]} 49. Kc3 {[%emt 0:00:00]} Nd8 {[%emt 0:02:56]} 50. Kd3 {[%emt 0:00:00]} Nb7 {[%emt 0:00:36]} 51. e4+ {[%emt 0:01:09]} Ke6 {[%emt 0:01:01]} 52. Nb3 {[%emt 0:00:08]} fxe4+ {[%emt 0:01:10]} 53. fxe4 {[%emt 0:00:08]} Kd6 {[%emt 0:00:16]} 54. Kc3 {[%emt 0:00:45]} Nd8 {[%emt 0:00:15]} 55. Nc1 {[%emt 0:06:09]} Ne6 {[%emt 0:00:47]} 56. Nd3 {[%emt 0:02:03]} Nf4 {[%emt 0:00:24]} 57. Ne1 {[%emt 0:00:37]} Ne2+ {[%emt 0:00:45]} 58. Kd2 {[%emt 0:00:33]} Nd4 {[%emt 0:00:09]} 59. Kc3 {[%emt 0:00:16]} Ne6 {[%emt 0:00:27]} 60. Kd2 {[%emt 0:00:22]} Nf4 {[%emt 0:00:27]} 61. Ke3 {[%emt 0:00:18]} Ke6 {[%emt 0:00:40]} 62. Kd2 {[%emt 0:00:15]} 1/2-1/2